Detalles MARC
| 000 -LEADER |
| campo de control de longitud fija |
01935cam a22005414i 4500 |
| 003 - IDENTIFICADOR DE NÚMERO DE CONTROL |
| campo de control |
PE-LiUPU |
| 005 - FECHA Y HORA DE LA ÚLTIMA TRANSACCIÓN |
| campo de control |
20250731184540.0 |
| 008 - DATOS DE LONGITUD FIJA--INFORMACIÓN GENERAL |
| campo de control de longitud fija |
190320s2018 gaua rb 001 0 eng d |
| 020 ## - NÚMERO INTERNACIONAL ESTÁNDAR DEL LIBRO |
| Número Internacional Estándar del Libro |
1628372338 |
| 020 ## - NÚMERO INTERNACIONAL ESTÁNDAR DEL LIBRO |
| Número Internacional Estándar del Libro |
9781628372335 |
| 035 ## - NÚMERO DE CONTROL DEL SISTEMA |
| Número de control de sistema |
(Sirsi) a251984 |
| 040 ## - FUENTE DE CATALOGACIÓN |
| Centro catalogador/agencia de origen |
PE-LiUPU |
| Lengua de catalogación |
spa |
| Centro/agencia transcriptor |
PE-LiUPU |
| Normas de descripción |
rda |
| Centro/agencia modificador |
PE-LiUPU |
| Normas de descripción |
rda |
| 049 ## - FONDOS LOCALES (OCLC) |
| Biblioteca depositaria |
PRUA |
| 082 04 - NÚMERO DE LA CLASIFICACIÓN DECIMAL DEWEY |
| Número de clasificación |
909.04924 |
| Cutter |
A6 |
| Número de edición |
23 |
| 245 00 - MENCIÓN DEL TÍTULO |
| Título |
Archaeology and history of eighth-century Judah / |
| Mención de responsabilidad, etc. |
edited by Zev I. Farber and Jacob L. Wright. |
| 264 #1 - PRODUCCIÓN, PUBLICACIÓN, DISTRIBUCIÓN, FABRICACIÓN Y COPYRIGHT |
| Producción, publicación, distribución, fabricación y copyright |
Atlanta : |
| Nombre del de productor, editor, distribuidor, fabricante |
SBL Press, |
| Fecha de producción, publicación, distribución, fabricación o copyright |
2018. |
| 300 ## - DESCRIPCIÓN FÍSICA |
| Extensión |
xv, 593 páginas : |
| Otras características físicas |
ilustraciones ; |
| Dimensiones |
23 centímetros. |
| 336 ## - TIPO DE CONTENIDO |
| Término de tipo de contenido |
text |
| Fuente |
rdacontent |
| 337 ## - TIPO DE MEDIO |
| Nombre/término del tipo de medio |
unmediated |
| Fuente |
rdamedia |
| 338 ## - TIPO DE SOPORTE |
| Nombre/término del tipo de soporte |
volume |
| Fuente |
rdacarrier |
| 490 0# - MENCIÓN DE SERIE |
| Mención de serie |
Ancient Near East monographs ; |
| Designación de volumen o secuencia |
number 23 |
| 504 ## - NOTA DE BIBLIOGRAFÍA, ETC. |
| Nota de bibliografía, etc. |
Bibliografía al final de cada capítulo. |
| 504 ## - NOTA DE BIBLIOGRAFÍA, ETC. |
| Nota de bibliografía, etc. |
Índice: páginas 565-593. |
| 505 0# - NOTA DE CONTENIDO CON FORMATO |
| Nota de contenido con formato |
Judah's neighbors near and far -- The land of Judah -- Ancient technology -- Religion and ritual -- Biblical and literary -- Appendix: Survey of scientific methods in archaeology. |
| 526 ## - NOTA DE INFORMACIÓN SOBRE EL PROGRAMA DE ESTUDIO |
| Nombre del programa |
Doctorado En Educación Con Mención En Currículo Y Docencia (A Distancia) |
| 526 ## - NOTA DE INFORMACIÓN SOBRE EL PROGRAMA DE ESTUDIO |
| Nombre del programa |
Doctorado En Educación Con Mención En Currículo Y Docencia (Semipresencial) |
| 526 ## - NOTA DE INFORMACIÓN SOBRE EL PROGRAMA DE ESTUDIO |
| Nombre del programa |
Doctorado En Educación Con Mención En Gestión Educativa (A Distancia) |
| 526 ## - NOTA DE INFORMACIÓN SOBRE EL PROGRAMA DE ESTUDIO |
| Nombre del programa |
Doctorado En Educación Con Mención En Gestión Educativa (Semipresencial) |
| 526 ## - NOTA DE INFORMACIÓN SOBRE EL PROGRAMA DE ESTUDIO |
| Nombre del programa |
Derecho semipresencial |
| 526 ## - NOTA DE INFORMACIÓN SOBRE EL PROGRAMA DE ESTUDIO |
| Nombre del programa |
Derecho presencial |
| 526 ## - NOTA DE INFORMACIÓN SOBRE EL PROGRAMA DE ESTUDIO |
| Nombre del programa |
Maestría en teología histórica |
| 526 ## - NOTA DE INFORMACIÓN SOBRE EL PROGRAMA DE ESTUDIO |
| Nombre del programa |
Teología |
| 526 ## - NOTA DE INFORMACIÓN SOBRE EL PROGRAMA DE ESTUDIO |
| Nombre del programa |
Educación primaria |
| 526 ## - NOTA DE INFORMACIÓN SOBRE EL PROGRAMA DE ESTUDIO |
| Nombre del programa |
Educación secundaria, especialidad lingüística e inglés |
| 526 ## - NOTA DE INFORMACIÓN SOBRE EL PROGRAMA DE ESTUDIO |
| Nombre del programa |
Educación secundaria, especialidad ambiental, biología y química |
| 526 ## - NOTA DE INFORMACIÓN SOBRE EL PROGRAMA DE ESTUDIO |
| Nombre del programa |
Arquitectura |
| 596 ## - |
| -- |
1 |
| 651 #4 - PUNTO DE ACCESO ADICIONAL DE MATERIA--NOMBRE GEOGRÁFICO |
| Nombre geográfico |
Judea (Región) |
| Subdivisión general |
Antigüedades. |
| 651 #4 - PUNTO DE ACCESO ADICIONAL DE MATERIA--NOMBRE GEOGRÁFICO |
| Nombre geográfico |
Judea (Región) |
| Subdivisión general |
Historia. |
| 650 14 - PUNTO DE ACCESO ADICIONAL DE MATERIA--TÉRMINO DE MATERIA |
| Término de materia o nombre geográfico como elemento de entrada |
Excavaciones (arqueología) |
| Subdivisión general |
Judea (Región). |
| 700 1# - ENTRADA AGREGADA--NOMBRE PERSONAL |
| Nombre de persona |
Farber, Zev I., |
| Término indicativo de función/relación |
editor. |
| 700 1# - ENTRADA AGREGADA--NOMBRE PERSONAL |
| Nombre de persona |
Wright, Jacob L., |
| Término indicativo de función/relación |
editor. |
| 910 ## - DATOS DE OPCIÓN DEL USUARIO (OCLC) |
| Datos de opción del usuario |
dbm |
| -- |
sag |
| -- |
sag |
| -- |
20190320 |
| 942 ## - ELEMENTOS DE ENTRADA SECUNDARIOS (KOHA) |
| Fuente del sistema de clasificación o colocación |
Clasificación Decimal Dewey |
| Tipo de ítem Koha |
|
| 994 ## - |
| -- |
C0 |
| -- |
PEPRU |
| 999 ## - NÚMEROS DE CONTROL DE SISTEMA (KOHA) |
| -- |
LC |
| -- |
80080 |
| -- |
2021-11-11 |
| -- |
2 |
| -- |
CCODEBUL1 |
| -- |
BUL |
| -- |
60.00 |
| -- |
0 |
| -- |
Y |
| -- |
BOOK |
| -- |
2019-3-20 |
| -- |
TEOLOGIA |
| -- |
P35 |
| -- |
COMPRA |
| -- |
.STAFF. Colección Teología |
| 980 ## - EQUIVALENCIA O REFERENCIA-CRUZADA-MENCIÓN DE SERIE--NOMBRE DE PERSONA/TÍTULO [LOCAL, CANADÁ] |
| ID del último usuario que modificó el registro |
1 |
| Nombre del último usuario que modificó el registro |
ALBERTO SANCHEZ Responsable de Automatización |